00359nam a2200109Ia 4500008004100000082000800041100001900049245006400068942000600132952009600138999001500234240331s9999 xx 000 0 und d bSAL aSalahuddian, K 0aRural women in poverty :bNGO interventions for alleviation cL 001040708LaWERCLbWERCLcSSCd2024-03-31l0o 305 SALp1218r2024-03-31w2024-03-31yL c2343d2343